000 00420 a2200133 4500
001 ART_34069
005 20260410161827.0
008 260409a
245 1 0 _a¿Qué atributos valora el consumidor marplatense en las prendas de vestir?
100 1 _aLiseras, Natacha
700 1 _aBelmartino, Andrea
700 1 _aBerges, Miriam
773 0 _tFACES
_g- Año 20, Nº 42/43 (ene./dic. 2014)
_wREV5046
999 _c22864
_d22864